El régimen de información de planificaciones fiscales y la innecesaria vulneración del secreto profesional (Registro nro. 35342)

Detalles MARC
000 -LEADER
fixed length control field 00380 a2200109 4500
001 - CONTROL NUMBER
control field ART_52382
005 - DATE AND TIME OF LATEST TRANSACTION
control field 20260410162046.0
008 - FIXED-LENGTH DATA ELEMENTS--GENERAL INFORMATION
fixed length control field 260409a
100 1# - MAIN ENTRY--PERSONAL NAME
Personal name Coronello, Silvina E.
245 10 - TITLE STATEMENT
Title El régimen de información de planificaciones fiscales y la innecesaria vulneración del secreto profesional
773 0# - HOST ITEM ENTRY
Title Impuestos
Related parts - N°94 (feb. 2021)
Record control number REV45175

No hay ítems disponibles.